| 000 | 00429nam a2200157 i 4500 | ||
|---|---|---|---|
| 001 | 34647 | ||
| 003 | ES-MaACL | ||
| 005 | 20230906154954.0 | ||
| 007 | t| | ||
| 008 | 030207q19001999fr ||||1| fre d | ||
| 100 | 1 |
_aBoinet, E. _929852 |
|
| 245 | 1 | 4 |
_aLes doctrines medicales _b: leur evolution / _cE. Boinet. |
| 260 |
_aParĂs : _bFlammarion, _c[19--?] ( _fHemmerlĂ©) |
||
| 300 |
_a329 p. ; _c19 cm. |
||
| 852 |
_aES-MaACL _jF-6151 |
||
| 999 |
_c34647 _d34647 |
||